00686cam a22002291 4500001001300000003000400013005001700017008004100034010001700075035001900092040001700111042001200128050002100140082001100161100002700172245010300199260002400302300002700326490006200353651002400415999001700439gs 49000100 DLC20260227111355.0750610s1948 xx 000 0 eng  ags 49000100  a(OCoLC)1383718 aDLCcFMdDLC apremarc00aQE99b.A3 no. 32 a557.591 aGunter, Herman,d1885-10aElevations in Florida.cBy Herman Gunter, director, and staff memebers, Florida Geological Survey. aTallahassee,c1948. axxiii, 1158 p.c24 cm.1 aFlorida. Geological Survey. Geological bulletinvno. 32 0aFloridaxAltitudes. c28352d28352